Trombinoscope - Personnages d'animés - Statistiques

Statistiques générales
  • Ce quiz a été pris 1 363 fois
  • Le résultat moyen est 39 sur 70
Statistiques - réponses
Hint Réponse % Correct
Naruto
91%
Luffy
91%
Sasuke
88%
Vegeta
88%
Saitama
87%
Light
86%
Gon
86%
Nami
85%
Kirua
85%
Sacha
85%
Hisoka
84%
Sanji
84%
Livaï
84%
Shanks
83%
Gaara
83%
Tanjiro
82%
Meliodas
81%
Eren
81%
Nezuko
79%
Bulma
78%
Ichigo
76%
Zenitsu
76%
Erza
75%
Shoto
74%
Izuku
74%
Edward
72%
Neferpitou
71%
Genos
69%
Senku
68%
Satoru
68%
Yuji
67%
Jonathan
66%
Thorfinn
66%
Yugi
66%
Nagisa
64%
Lelouch
64%
Asta
61%
Chi-Chi
60%
Ken
58%
Misa
57%
Makima
55%
Denji
54%
Jin-Woo
54%
Emma
53%
Rukia
49%
Kirito
48%
Sôma
48%
Shinra
40%
Gintoki
38%
Winry
34%
Tobio
31%
Casca
30%
Hinata
29%
Saber
28%
Yoichi
27%
Revy
26%
Eikichi
25%
Shalltear
23%
Shinji
23%
Spike
22%
Seijūrō
22%
Mugen
21%
Tohru
21%
Shinichi
16%
Rintaro
14%
Satomi
14%
Kōsei
14%
Eto
12%
Nanachi
11%
Chisa
10%
Aucun quiz correspondant
Distribution des résultats
% des personnes avec chaque résultat
Percentile par nombre de réponses
Votre historique - résultats
Vous n’avez pas pris ce quiz